Statystyki dla Polskie miasta, które kiedykolwiek miały systemy tramwajowe

Kliknij tutaj aby rozwiązać quiz!

Ogólne statystyki

  • Ten quiz został rozwiązany 2 205 razy
  • Średni wynik to 13 z 25

Statystyki odpowiedzi

OddoMiasto% Poprawnych
1908-Warszawa
98%
1901-Kraków
92%
1895-Gdańsk
91%
1893-Wrocław
87%
1898-Poznań
84%
1897-Szczecin
80%
1898-Katowice
78%
1898-Łódź
77%
1895-Bydgoszcz
75%
1891-Toruń
73%
2015-Olsztyn
60%
1959-Częstochowa
53%
1899-Gorzów Wielkopolski
46%
1895-Elbląg
42%
19111938Koszalin
34%
18981969Legnica
30%
18951972Bielsko-Biała
29%
1899-Grudziądz
29%
19111942Tarnów
29%
18981966Wałbrzych
29%
19001967Jelenia Góra
25%
19101959Słupsk
23%
19121962Inowrocław
21%
19111921Cieszyn
10%
18981945Słubice
8%

Rozkład punktacji

Percentyl według liczby udzielonych odpowiedzi

Procent ludzi z każdym wynikiem

Twoja historia wyników

Nie rozwiązałeś tego quizu